[Event "Let's Play Chess!"]
[Site "http://www.queenalice.com/game.php?id=446227"]
[Date "2008.8.9"]
[Round "-"]
[White "VeryEasy"]
[Black "lk"]
[Result "0-1"]
[WhiteElo "1314"]
[BlackElo "1107"]

1. d4 d5 2. c4 e6 3. a3 Nf6 4. Nc3 Be7 5. e3 c5 6. cxd5 Nxd5 7. Nxd5 exd5 8.
dxc5 Bxc5 9. Qa4+ Bd7 10. Bb5 Nc6 11. Nf3 Qf6 12. Qc2 Bd6 13. Bd2 O-O 14. Bc3
Bf5 15. Bd3 Bxd3 16. Qxd3 d4 17. Nxd4 Nxd4 0-1

[Event "Let's Play Chess!"]
[Site "http://www.queenalice.com/game.php?id=446228"]
[Date "2008.8.9"]
[Round "-"]
[White "VeryEasy"]
[Black "chaosagent"]
[Result "0-1"]
[WhiteElo "1249"]
[BlackElo "1570"]

1. e4 e6 2. Nf3 d5 3. exd5 exd5 4. Nc3 Nc6 5. Bb5 Ne7 6. d4 a6 7. Ba4 b5 8. Bb3
Bg4 9. h3 Be6 10. Bf4 Ng6 11. Bg3 Bb4 12. Qd2 O-O 13. O-O Rc8 14. a3 Ba5 15. Ba2
Bb6 16. Ne2 Qf6 17. Rfd1 Rfe8 18. c3 Rcd8 19. Qg5 Qe7 20. Bb1 Qxg5 21. Nxg5 f6
0-1

[Event "Let's Play Chess!"]
[Site "http://www.queenalice.com/game.php?id=446229"]
[Date "2008.8.9"]
[Round "-"]
[White "VeryEasy"]
[Black "mustangmike"]
[Result "1-0"]
[WhiteElo "1332"]
[BlackElo "1922"]

1. d4 d5 2. c4 dxc4 3. Nc3 e6 4. a3 Nf6 5. e3 Bd6 6. Bxc4 O-O 7. Nge2 e5 8. b4
Bf5 9. Ng3 Bg4 10. f3 Bd7 11. Nce2 b5 12. Bb3 c6 13. Bb2 Re8 14. O-O exd4 15.
Bxd4 Be5 16. Bxe5 Rxe5 17. e4 c5 18. f4 Re7 19. e5 Ng4 20. Nf5 Re8 21. Bxf7+
Kxf7 22. Nd6+ Kf8 23. Nxe8 Kxe8 24. Qd5 Ne3 25. Qxa8 Nxf1 26. Kxf1 Nc6 27. Qxd8+
Nxd8 28. bxc5 g6 29. Nd4 h5 30. Rb1 a6 31. Rc1 Bc8 32. c6 Nf7 33. Rd1 Nh6 34. h3
Ng8 35. Nf3 Ne7 36. c7 Bb7 37. Ng5 a5 38. Rd8# 1-0

[Event "Let's Play Chess!"]
[Site "http://www.queenalice.com/game.php?id=446230"]
[Date "2008.8.10"]
[Round "-"]
[White "VeryEasy"]
[Black "alissonctba"]
[Result "0-1"]
[WhiteElo "1332"]
[BlackElo "1300"]

1. e4 c5 2. Bc4 e6 3. Nc3 Nc6 4. a3 g6 5. Nf3 Bg7 6. Ne2 Nge7 7. c3 a5 8. d4
cxd4 9. Nfxd4 Ne5 10. Bb3 d5 11. f4 O-O 12. fxe5 Bxe5 13. Bf4 Bg7 14. e5 Nc6 15.
O-O h6 16. Nf3 Kh7 17. Kh1 f5 18. h4 Qc7 19. Qd2 Ne7 20. Ned4 Bd7 21. Rfe1 Nc6
22. Ba4 Nxd4 23. Qxd4 b5 24. Bc2 Rh8 25. Rab1 Bf8 26. Qd2 Kg7 27. Bd1 g5 28.
Bxg5 hxg5 29. Qxg5+ Kh7 30. Qh5+ Kg8 31. Qg6+ Bg7 32. Ng5 Rxh4+ 33. Kg1 Qc5+ 34.
Kf1 Rh1+ 35. Ke2 Qc4+ 36. Kf2 Qh4+ 37. g3 Rh2+ 38. Ke3 Qxg3+ 39. Bf3 Qf2+ 40.
Kd3 Qd2# 0-1

[Event "Let's Play Chess!"]
[Site "http://www.queenalice.com/game.php?id=446234"]
[Date "2008.8.10"]
[Round "-"]
[White "VeryEasy"]
[Black "Andre251"]
[Result "0-1"]
[WhiteElo "1367"]
[BlackElo "1663"]

1. d4 d5 2. c4 Nc6 3. Nc3 Be6 4. cxd5 Bxd5 5. Nxd5 Qxd5 6. Nf3 f6 7. e3 O-O-O 8.
g3 Nh6 9. Bg2 e5 10. Nh4 Qb5 11. Qc2 exd4 12. a4 Qa6 13. exd4 Nxd4 14. Qd1 Bb4+
15. Bd2 Rhe8+ 0-1

[Event "Let's Play Chess!"]
[Site "http://www.queenalice.com/game.php?id=446235"]
[Date "2008.8.10"]
[Round "-"]
[White "VeryEasy"]
[Black "polaris"]
[Result "0-1"]
[WhiteElo "1332"]
[BlackElo "2291"]

1. d4 f5 2. g4 d5 3. g5 e6 4. Nf3 c5 5. h4 cxd4 6. Nxd4 e5 7. Nf3 Nc6 8. e3 Bd6
9. Bb5 Ne7 10. c3 Be6 11. Qb3 Qc7 12. Nbd2 O-O-O 13. Qc2 e4 14. Bxc6 Nxc6 15.
Nd4 Nxd4 16. exd4 f4 17. Nb3 Kb8 18. Bd2 Bg4 19. Nc1 Rhe8 20. Ne2 e3 21. Bc1
exf2+ 22. Kxf2 f3 23. Ng1 Bg3+ 0-1

[Event "Let's Play Chess!"]
[Site "http://www.queenalice.com/game.php?id=446254"]
[Date "2008.8.9"]
[Round "-"]
[White "Groomi"]
[Black "VeryEasy"]
[Result "1-0"]
[WhiteElo "1714"]
[BlackElo "1314"]

1. d4 c6 2. Nc3 Nf6 3. e4 d6 4. Nf3 h6 5. Bc4 Bg4 6. O-O b5 7. Be2 b4 8. Na4
Nxe4 9. a3 bxa3 10. Rxa3 e6 11. c3 d5 12. Rb3 Bd6 13. Ne5 Bxe2 14. Qxe2 Nd7 15.
Nxc6 Qc7 16. Qb5 O-O 17. g3 Ndf6 18. h4 Ng4 19. f3 1-0

[Event "Challenge"]
[Site "http://www.queenalice.com/game.php?id=446261"]
[Date "2008.8.9"]
[Round "-"]
[White "BISPO_Daniel"]
[Black "VeryEasy"]
[Result "0-1"]
[WhiteElo "1233"]
[BlackElo "1100"]

1. e4 e5 2. Qf3 Bc5 3. Bc4 Qf6 4. Nh3 Qxf3 5. gxf3 d6 6. Rg1 Bxh3 7. Rxg7 Nh6 8.
Nc3 Rg8 9. Bxf7+ Nxf7 10. Rxg8+ Kd7 11. Nd5 Kc6 12. Ne7+ Kd7 13. Nf5 Ke6 14. d4
exd4 15. Bf4 Bb4+ 16. c3 dxc3 17. O-O-O cxb2+ 18. Kxb2 a5 19. Nd4+ Kd7 20. e5 h5
21. Rf8 Nxe5 22. Bxe5 dxe5 23. Rf7+ Ke8 24. Rf6 exd4 25. Rxd4 Nd7 26. Rh6 Ra6
27. Rh8+ Bf8 28. Re4+ Re6 29. Ra4 Re2+ 30. Kc3 Ke7 31. Rxa5 Bg7+ 32. Kc4 Bxh8
33. a4 Be6+ 34. Rd5 Nb6+ 35. Kc5 Bxd5 36. a5 Rc2+ 37. Kb4 Bc3+ 38. Kb5 Bc6+ 39.
Kc5 Be5+ 40. Kb4 Rb2+ 41. Kc5 Rb5# 0-1

[Event "Let's Play Chess!"]
[Site "http://www.queenalice.com/game.php?id=446466"]
[Date "2008.8.10"]
[Round "-"]
[White "VeryEasy"]
[Black "Strogonoff"]
[Result "1-0"]
[WhiteElo "1314"]
[BlackElo "1857"]

1. e4 e5 2. Nf3 Nc6 3. Bb5 d6 4. c3 a6 5. Qa4 Bd7 6. Bxc6 Bxc6 7. Qc2 Nf6 8. d3
Qe7 9. Be3 d5 10. exd5 Bxd5 11. Nbd2 O-O-O 12. O-O-O e4 13. dxe4 Nxe4 14. Nxe4
Bxe4 15. Rxd8+ Kxd8 16. Rd1+ Kc8 17. Qe2 Qe6 18. Ng5 Qf5 19. Nxe4 Be7 20. Ng3
Qe6 21. h3 Qxa2 22. Qg4+ Kb8 23. Qd7 Bd6 24. Nf5 Qe6 25. Qxe6 fxe6 26. Nxd6 cxd6
27. Rxd6 Re8 28. Bf4 Kc8 29. Kd2 e5 30. Bh2 g6 31. Ke3 Kc7 32. Rd2 b5 33. Ke4
Kc6 34. Bxe5 Kc5 35. b4+ Kc4 36. Rd4+ Kb3 37. f4 Ka4 38. Rd7 h5 39. Ra7 Re6 40.
f5 gxf5+ 41. Kxf5 1-0

[Event "Challenge"]
[Site "http://www.queenalice.com/game.php?id=447563"]
[Date "2008.8.12"]
[Round "-"]
[White "stephancharette"]
[Black "VeryEasy"]
[Result "0-1"]
[WhiteElo "1235"]
[BlackElo "1260"]

1. d4 c6 2. e3 d5 3. Nf3 Bg4 4. c3 Nf6 5. h3 Bh5 6. Be2 Nbd7 7. Na3 Qc7 8. O-O
a6 9. g3 e6 10. Nh4 Bxe2 11. Qxe2 Bd6 12. Qf3 O-O-O 13. Qe2 g5 14. Nf3 g4 15.
Ng5 gxh3 16. Nxf7 Rhg8 17. Qf3 Bxg3 18. Nxd8 Ne4 19. Nxe6 Bxf2+ 20. Kh1 Ng3+ 21.
Kh2 Nxf1+ 22. Kxh3 Qh2# 0-1

[Event "AUTO-INT-1000"]
[Site "http://www.queenalice.com/game.php?id=447577"]
[Date "2008.8.12"]
[Round "1"]
[White "Danado"]
[Black "VeryEasy"]
[Result "1-0"]
[WhiteElo "1596"]
[BlackElo "1259"]

1. e4 e5 2. Nf3 Nc6 3. d4 d6 4. dxe5 dxe5 5. Qxd8+ Kxd8 6. Bc4 h6 7. Bxf7 Nf6 8.
Bg6 Be6 9. O-O Bd6 10. Nc3 a6 11. Bf5 Ke7 12. Bxe6 Kxe6 13. Rd1 Rad8 14. Nh4 g5
15. Nf3 Bc5 16. Rxd8 Rxd8 17. Na4 Ba7 18. h3 Rd1+ 19. Kh2 Bxf2 20. Nc3 Rf1 21.
b3 1-0

[Event "AUTO-INT-1000"]
[Site "http://www.queenalice.com/game.php?id=447578"]
[Date "2008.8.12"]
[Round "1"]
[White "VeryEasy"]
[Black "Danado"]
[Result "0-1"]
[WhiteElo "1253"]
[BlackElo "1599"]

1. d4 Nf6 2. Nf3 Nc6 3. c4 d5 4. e3 Bg4 5. c5 Bxf3 6. Qxf3 e5 7. Qd1 Qd7 8. Bb5
a6 9. Ba4 b5 10. Bb3 Qg4 11. Qxg4 Nxg4 12. Bxd5 Kd7 13. h3 Nf6 14. Bxc6+ Kxc6
15. O-O exd4 16. exd4 Nd5 17. a3 Rd8 18. Nc3 Nxc3 19. bxc3 g6 20. Bf4 Bg7 21.
Rfe1 Rhe8 22. Kf1 Rxe1+ 23. Rxe1 Kd5 0-1

[Event "AUTO-INT-1000"]
[Site "http://www.queenalice.com/game.php?id=447591"]
[Date "2008.8.12"]
[Round "1"]
[White "Ayr_United"]
[Black "VeryEasy"]
[Result "1-0"]
[WhiteElo "1632"]
[BlackElo "1244"]

1. e4 e5 2. Nf3 Nc6 3. Bb5 a6 4. Bxc6 dxc6 5. Nxe5 Qd4 6. Nf3 Qxe4+ 7. Qe2 Qxe2+
8. Kxe2 Bg4 9. Re1 O-O-O 10. Kf1 Bxf3 11. gxf3 Nf6 12. c3 Bc5 13. d4 Bb6 14. Bg5
Rd6 15. Na3 h6 16. Bf4 Rd7 17. Nc4 Nd5 18. Nxb6+ cxb6 19. Be5 f6 20. Bg3 Rdd8
21. h4 Rhe8 22. Rxe8 Rxe8 23. Re1 1-0

[Event "AUTO-INT-1000"]
[Site "http://www.queenalice.com/game.php?id=447592"]
[Date "2008.8.12"]
[Round "1"]
[White "VeryEasy"]
[Black "Ayr_United"]
[Result "0-1"]
[WhiteElo "1243"]
[BlackElo "1634"]

1. d4 d5 2. c4 Nf6 3. Nc3 dxc4 4. e3 e6 5. a3 Nc6 6. Bxc4 a6 7. Nf3 b5 8. Bb3 e5
9. dxe5 Qxd1+ 10. Nxd1 Nd7 11. e6 fxe6 12. Bxe6 Nce5 13. Nxe5 Nxe5 14. Bxc8 Rxc8
15. O-O g5 16. b4 h6 17. Bb2 Bg7 18. f4 gxf4 19. exf4 Ke7 20. Re1 Kd7 21. Bxe5
Bxe5 22. Rxe5 c6 0-1

[Event "AUTO-OPEN-1227"]
[Site "http://www.queenalice.com/game.php?id=447702"]
[Date "2008.8.12"]
[Round "1"]
[White "VeryEasy"]
[Black "Kasparov1"]
[Result "0-1"]
[WhiteElo "1249"]
[BlackElo "1700"]

1. e4 e5 2. Nf3 Nc6 3. d4 exd4 4. Nxd4 Bd6 5. Nxc6 dxc6 6. Nc3 Ne7 7. Bc4 O-O 8.
O-O b5 9. Bb3 a5 10. a3 a4 11. Ba2 Ng6 12. f4 Bc5+ 13. Kh1 Qh4 14. Qe1 Qxe1 15.
Rxe1 Bd4 0-1

[Event "AUTO-OPEN-1227"]
[Site "http://www.queenalice.com/game.php?id=447703"]
[Date "2008.8.12"]
[Round "1"]
[White "Kasparov1"]
[Black "VeryEasy"]
[Result "1-0"]
[WhiteElo "1702"]
[BlackElo "1249"]

1. e4 e5 2. Nf3 Nc6 3. Bb5 a6 4. Ba4 b5 5. Bb3 Bc5 6. O-O Nf6 7. d3 h6 8. c3 d6
9. d4 exd4 10. cxd4 Bb6 11. d5 Ne7 12. e5 Nh7 13. exd6 Qxd6 14. Nc3 1-0